| 000 | 00483 a2200169 4500 | ||
|---|---|---|---|
| 003 | Nust | ||
| 005 | 20170207171536.0 | ||
| 040 | _cNust | ||
| 082 | _a005.1 | ||
| 100 | _aTariq, Saleha .(MSCS-18) | ||
| 245 |
_aUsability Evaluation of M-Banking in Pakistan to Address the Accessibility Barriers of Older People _cSaleha Tariq |
||
| 260 |
_arawalpindi _bMCS,NUST _cJuly, 2015 |
||
| 300 | _ax,75, Appendix,20p | ||
| 538 | _aAlmirah No.70 Shelf No.3 | ||
| 650 | _aPG Thesis | ||
| 651 | _aMSCS-18 | ||
| 942 | _cTHS | ||
| 999 |
_c217269 _d217269 |
||